[Event "CN Feminino 2023-24"]
[Site "Famalicão POR"]
[Date "2024.06.01"]
[Round "4.3"]
[White "Avelino, Camila"]
[Black "Correia, Margarida"]
[Result "1-0"]
[WhiteElo "1853"]
[BlackElo "1677"]
[WhiteFideId "1938975"]
[BlackFideId "1971204"]
[PlyCount "101"]
[EventDate "2024.??.??"]

1. e4 e5 2. Nf3 Nc6 3. Bb5 a6 4. Ba4 Nf6 5. d3 b5 6. Bb3 Be7 7. O-O O-O 8. Re1
d6 9. c3 Na5 10. Bc2 c5 11. Nbd2 Nc6 12. Nf1 Bb7 13. Ng3 Re8 14. d4 cxd4 15.
cxd4 Bf8 16. Nf5 Bc8 17. Bg5 Bxf5 18. exf5 Be7 19. a4 e4 20. Bxe4 Nxe4 21. Rxe4
Bxg5 22. Rxe8+ Qxe8 23. Nxg5 Qe7 24. axb5 Nb4 25. Nf3 a5 26. Qb3 d5 27. Ne5 Qd6
28. f6 Rc8 29. fxg7 Qh6 30. Qe3 Qxe3 31. fxe3 Ra8 32. Nc6 Nxc6 33. bxc6 Kxg7 34.
c7 Rc8 35. Rxa5 Rxc7 36. Rb5 Rc2 37. b4 Re2 38. Rxd5 Rxe3 39. b5 Kf6 40. h4 Ke6
41. Re5+ Rxe5 42. dxe5 Kxe5 43. Kf2 Kd5 44. Kf3 Kc5 45. Kf4 Kxb5 46. Kf5 Kc5 47.
Kf6 Kd6 48. Kxf7 Ke5 49. Kg7 Kf5 50. Kxh7 Kg4 51. g3 1-0

[Event "CN Feminino 2023-24"]
[Site "Famalicão POR"]
[Date "2024.06.01"]
[Round "4.4"]
[White "Soares, Sara"]
[Black "Areal, Beatriz"]
[Result "1-0"]
[WhiteElo "1823"]
[BlackElo "1755"]
[WhiteFideId "1948172"]
[BlackFideId "1949110"]
[WhiteTitle "WNM"]
[PlyCount "107"]
[EventDate "2024.??.??"]

1. d4 d5 2. c4 e6 3. Nc3 Nf6 4. cxd5 exd5 5. Bg5 c6 6. e3 h6 7. Bh4 Be7 8. Bd3
O-O 9. Qc2 Re8 10. Nf3 Ne4 11. Bxe7 Qxe7 12. O-O Bf5 13. Rab1 Nd7 14. a3 Nxc3
15. Qxc3 Bxd3 16. Qxd3 Nb6 17. Nd2 Nc8 18. Rfc1 Nd6 19. Nb3 Qg5 20. Nc5 Re7 21.
Rc3 Rf8 22. Qd1 f5 23. Nd3 Qf6 24. Ne5 Ne4 25. Rc2 Qg5 26. b4 a6 27. a4 Nd6 28.
Qd2 Kh7 29. Qd3 Kg8 30. Rcb2 Re6 31. Nd7 Rf7 32. Ne5 Rf8 33. Re1 f4 34. exf4
Qxf4 35. Rbe2 Rfe8 36. g3 Qf6 37. Kg2 Qd8 38. Qc3 Nc4 39. Nxc6 Qd7 40. Rxe6 Rxe6
41. Rxe6 Qxe6 42. Ne5 Kf8 43. Qf3+ Kg8 44. Nd3 Qc6 45. Nf4 Nb6 46. a5 Nc4 47.
Qxd5+ Qxd5+ 48. Nxd5 Nd6 49. Kf3 Kf7 50. Kf4 Ke6 51. Ne3 Nb5 52. d5+ Kd6 53. Ke4
Nc7 54. Nf5+ 1-0

[Event "CN Feminino 2023-24"]
[Site "Famalicão POR"]
[Date "2024.06.01"]
[Round "4.5"]
[White "Ribeiro, Margarida"]
[Black "Monteiro, Sara"]
[Result "0-1"]
[WhiteElo "1465"]
[BlackElo "1819"]
[WhiteFideId "1960725"]
[BlackFideId "1909860"]
[BlackTitle "WCM"]
[PlyCount "68"]
[EventDate "2024.??.??"]

1. e4 d5 2. exd5 Qxd5 3. Nc3 Qa5 4. d4 c6 5. Nf3 Nf6 6. Bd2 Qc7 7. Bc4 Bg4 8. h3
Bh5 9. O-O Nbd7 10. Re1 Nb6 11. Bf1 e6 12. Bg5 Be7 13. a3 Rd8 14. Be2 h6 15. Bh4
O-O 16. Bg3 Qd7 17. Ne5 Bxe2 18. Nxd7 Bxd1 19. Nxf8 Bxc2 20. Nxe6 fxe6 21. Rxe6
Kf7 22. Rae1 Bf8 23. R6e2 Bb3 24. Be5 Nc4 25. f4 Nd5 26. Nxd5 Rxd5 27. g3 c5 28.
dxc5 Bxc5+ 29. Kh2 Nd2 30. Rc1 Bc4 31. Rg2 Bf1 32. Rxd2 Rxd2+ 33. Kh1 Bg2+ 34.
Kh2 Bf3# 0-1

[Event "CN Feminino 2023-24"]
[Site "Famalicão POR"]
[Date "2024.06.01"]
[Round "4.6"]
[White "Valente, Sofia"]
[Black "Almeida, Marta Dias"]
[Result "1-0"]
[WhiteElo "1805"]
[BlackElo "1709"]
[WhiteFideId "1953494"]
[BlackFideId "1956060"]
[PlyCount "59"]
[EventDate "2024.??.??"]

1. d4 d5 2. c4 c6 3. Nf3 Nf6 4. Nc3 e6 5. Bg5 Nbd7 6. e3 Be7 7. cxd5 exd5 8. Bd3
O-O 9. Qc2 Re8 10. O-O h6 11. Bf4 Nf8 12. h3 Ne6 13. Bh2 Bd7 14. Rab1 a5 15. Ne5
Rc8 16. f4 Nc7 17. g4 Bd6 18. Qg2 Qe7 19. g5 hxg5 20. fxg5 Bxe5 21. Bxe5 Nh5 22.
Be2 g6 23. Bxh5 gxh5 24. Rf6 Ne6 25. g6 fxg6 26. Qxg6+ Ng7 27. Qh6 Rf8 28. Kh1
Rxf6 29. Bxf6 Qf7 30. Rg1 1-0

[Event "CN Feminino 2023-24"]
[Site "Famalicão POR"]
[Date "2024.06.01"]
[Round "4.7"]
[White "Barbosa, Sandra"]
[Black "Melo, Luisa Campos"]
[Result "1-0"]
[WhiteElo "1642"]
[BlackElo "1509"]
[WhiteFideId "1972545"]
[BlackFideId "1968394"]
[PlyCount "109"]
[EventDate "2024.??.??"]

1. e4 e5 2. Nf3 Nc6 3. Bb5 a6 4. Ba4 Nf6 5. O-O Be7 6. Re1 b5 7. Bb3 O-O 8. a4
Bb7 9. c3 b4 10. h3 d6 11. d3 a5 12. Nbd2 Re8 13. Nf1 Bf8 14. Ng3 h6 15. Qc2 d5
16. Bd2 bxc3 17. bxc3 d4 18. Rab1 Ba6 19. c4 Nb4 20. Bxb4 Bxb4 21. Red1 Nd7 22.
Nf5 Nc5 23. N5h4 Rb8 24. g3 Qd7 25. Kg2 Bc8 26. Rh1 Qd6 27. Rbd1 Qg6 28. Ba2 Qe6
29. Qc1 Rf8 30. Nf5 Qf6 31. N3h4 Bxf5 32. Nxf5 Nb7 33. Rdf1 Nd6 34. Nxd6 Bxd6
35. c5 Be7 36. f4 exf4 37. Rxf4 Qg5 38. Rhf1 Qxc5 39. Qxc5 Bxc5 40. Bxf7+ Kh8
41. Bc4 Rxf4 42. Rxf4 Rb4 43. Bb5 Rb2+ 44. Kf3 Bd6 45. Rg4 Kg8 46. Rg6 Rb3 47.
Kg4 Bb4 48. Kf5 c5 49. Bc4+ Kh8 50. Bxb3 h5 51. Ra6 Kh7 52. Ra8 Bc3 53. Bg8+ Kh8
54. Kg6 c4 55. Bf7# 1-0

[Event "CN Feminino 2023-24"]
[Site "Famalicão POR"]
[Date "2024.06.01"]
[Round "4.8"]
[White "Frolova, Alisa"]
[Black "Albuquerque, Rita"]
[Result "0-1"]
[WhiteElo "1485"]
[BlackElo "1637"]
[WhiteFideId "1970526"]
[BlackFideId "1975480"]
[PlyCount "76"]
[EventDate "2024.??.??"]

1. d4 c5 2. c3 Nf6 3. Nf3 d5 4. Bf4 Qb6 5. Qc2 Nc6 6. e3 g6 7. Nbd2 Bf5 8. Bd3
Bxd3 9. Qxd3 e6 10. Qc2 cxd4 11. exd4 Rc8 12. Rc1 Bg7 13. Be3 O-O 14. O-O Nd7
15. Nb3 Ne7 16. Qd2 Nf5 17. Qd3 Nxe3 18. Qxe3 a5 19. Qd2 a4 20. Na1 Qa6 21. h3
b5 22. Qe2 Rc7 23. a3 Rfc8 24. Rfe1 Nb6 25. Nc2 Nc4 26. Nb4 Qb6 27. Nd3 Re7 28.
Nfe5 Qd6 29. Nxc4 bxc4 30. Ne5 Bxe5 31. dxe5 Qb8 32. Qc2 Rb7 33. Rb1 Rd8 34. Re2
Rb3 35. Qd2 Rxa3 36. Rc1 Ra2 37. Rb1 Qb3 38. Qc1 Rb8 0-1

[Event "CN Feminino 2023-24"]
[Site "Famalicão POR"]
[Date "2024.06.01"]
[Round "4.9"]
[White "Matos, Maria Rita"]
[Black "Vieira, Beatriz"]
[Result "1-0"]
[WhiteElo "1511"]
[BlackElo "1439"]
[WhiteFideId "1969935"]
[BlackFideId "1970011"]
[PlyCount "53"]
[EventDate "2024.??.??"]

1. e4 c5 2. Nf3 d6 3. d4 cxd4 4. Nxd4 Nf6 5. Nc3 Nc6 6. Be3 g6 7. f3 Bg7 8. Qd2
O-O 9. Nb3 Bd7 10. Bh6 Rc8 11. Bxg7 Kxg7 12. O-O-O a6 13. g4 b5 14. h4 Rh8 15.
h5 Be6 16. h6+ Kf8 17. g5 Nd7 18. Bh3 Bxh3 19. Rxh3 Nb6 20. f4 b4 21. Ne2 a5 22.
Nbd4 Nxd4 23. Nxd4 e5 24. fxe5 dxe5 25. Ne6+ fxe6 26. Qxd8+ Kf7 27. Rf3# 1-0

[Event "CN Feminino 2023-24"]
[Site "Famalicão POR"]
[Date "2024.06.01"]
[Round "5.1"]
[White "Duque, Raquel"]
[Black "Silva, Ana Ines"]
[Result "0-1"]
[WhiteElo "1877"]
[BlackElo "1914"]
[WhiteFideId "1945890"]
[BlackFideId "1932543"]
[BlackTitle "WFM"]
[PlyCount "152"]
[EventDate "2024.??.??"]

1. c4 e5 2. Nc3 Bb4 3. g3 Bxc3 4. bxc3 d6 5. Bg2 f5 6. d3 Nf6 7. Nf3 O-O 8. Qb3
c5 9. O-O Nc6 10. Bd2 Qc7 11. Ne1 Be6 12. Nc2 Qf7 13. Ne3 e4 14. Qc2 Ne5 15. Nd5
Nxd5 16. cxd5 Bxd5 17. dxe4 Bxe4 18. Bxe4 fxe4 19. Qxe4 Rae8 20. f4 d5 21. Qc2
Ng4 22. h3 Nf6 23. Rae1 Ne4 24. Rf3 h5 25. Be3 b6 26. Bf2 Qf5 27. Qd3 Rd8 28.
Kg2 Rfe8 29. a4 Qf6 30. Re3 Qc6 31. Qb5 Qb7 32. Kg1 Nd6 33. Qd3 Rxe3 34. Qxe3
Re8 35. Qf3 Qf7 36. Rd1 Ne4 37. Kg2 Nf6 38. Qd3 Qe6 39. Rd2 Qe4+ 40. Qxe4 Rxe4
41. Ra2 Rc4 42. Be1 Kf7 43. a5 b5 44. a6 Ne4 45. Ra3 Ra4 46. Rb3 Nd6 47. Bf2 c4
48. Rb2 Rxa6 49. Bc5 Ne4 50. Rxb5 Nxc3 51. Rb7+ Kg8 52. Kf3 Ne4 53. Bd4 Ra3+ 54.
e3 Ra2 55. Rb2 Rxb2 56. Bxb2 Kf7 57. f5 c3 58. Ba3 Kf6 59. g4 hxg4+ 60. hxg4 Kg5
61. Be7+ Nf6 62. Ke2 Kxg4 63. Kd3 Ne4 64. Bf8 Kxf5 65. Bxg7 Ke6 66. Kc2 a6 67.
Bf8 Kd7 68. Ba3 Kc6 69. Kb3 Kb5 70. Bc1 a5 71. Ka3 Kc4 72. Ka2 Nc5 73. Ba3 Nb3
74. Kb1 Kd3 75. Bc1 Nxc1 76. Kxc1 Kxe3 0-1

[Event "CN Feminino 2023-24"]
[Site "Famalicão POR"]
[Date "2024.06.01"]
[Round "5.2"]
[White "Silva, Mariana"]
[Black "Ryabukhina, Verokina"]
[Result "0-1"]
[WhiteElo "1971"]
[BlackElo "1829"]
[WhiteFideId "1911899"]
[BlackFideId "24288020"]
[WhiteTitle "WCM"]
[PlyCount "92"]
[EventDate "2024.??.??"]

1. d4 d5 2. c4 e6 3. Nf3 Nf6 4. g3 c6 5. Bg2 Nbd7 6. Qd3 Bd6 7. O-O O-O 8. Nc3
b6 9. b3 Bb7 10. Rd1 Qe7 11. e4 dxe4 12. Nxe4 Nxe4 13. Qxe4 Nf6 14. Qc2 c5 15.
d5 exd5 16. Nh4 Be5 17. Re1 Qc7 18. Rb1 Rfe8 19. cxd5 Bxd5 20. Bxd5 Nxd5 21. Bd2
g6 22. Qc4 Qb7 23. Rbd1 Bf6 24. Ng2 Rad8 25. Bh6 Ne7 26. Ne3 Rxd1 27. Rxd1 Bd4
28. Qb5 Qc6 29. Qa6 Qf3 30. Rf1 Nc8 31. Qb5 Rd8 32. a4 Bg7 33. Bg5 Bf6 34. Bh6
Nd6 35. Qa6 Qb7 36. Qe2 Re8 37. Qg4 Bg7 38. Bf4 Ne4 39. Rd1 Nf6 40. Qe2 h5 41.
Qc4 Qe7 42. Bg5 Qe5 43. Bf4 Qe6 44. Qb5 Ne4 45. Rd7 c4 46. bxc4 Nc3 0-1

[Event "CN Feminino 2023-24"]
[Site "Famalicão POR"]
[Date "2024.06.01"]
[Round "5.3"]
[White "Monteiro, Sara"]
[Black "Avelino, Camila"]
[Result "1/2-1/2"]
[WhiteElo "1819"]
[BlackElo "1853"]
[WhiteFideId "1909860"]
[BlackFideId "1938975"]
[WhiteTitle "WCM"]
[PlyCount "97"]
[EventDate "2024.??.??"]

1. d4 Nf6 2. c4 g6 3. g3 Bg7 4. Bg2 O-O 5. Nc3 d6 6. Nf3 c5 7. O-O Nc6 8. d5 Na5
9. Qd3 a6 10. Rb1 b5 11. Nd2 Ng4 12. f4 Bd4+ 13. Kh1 Ne3 14. cxb5 Nxf1 15. Nxf1
axb5 16. b4 Bxc3 17. Qxc3 Nc4 18. bxc5 dxc5 19. Rxb5 Nd6 20. Rxc5 Rxa2 21. e4
Rxg2 22. Kxg2 Nxe4 23. Qb4 Nxc5 24. Qxc5 Bb7 25. Ne3 Qc8 26. Qa3 e6 27. Bb2
Bxd5+ 28. Kg1 Qc6 29. Ng4 f6 30. Nxf6+ Kf7 31. Nxd5 exd5 32. Qa7+ Ke6 33. Qe3+
Kd7 34. Qa7+ Qc7 35. Qa4+ Qc6 36. Qa7+ Kc8 37. Be5 Rf5 38. Qb8+ Kd7 39. Qa7+ Ke6
40. Qe3 Rxe5 41. Qxe5+ Kf7 42. Qd4 Qc1+ 43. Kg2 Qc2+ 44. Kf3 Qb3+ 45. Kg4 Qc4
46. Qa7+ Kg8 47. Qb8+ Kg7 48. Qe5+ Kg8 49. Qe8+ 1/2-1/2

[Event "CN Feminino 2023-24"]
[Site "Famalicão POR"]
[Date "2024.06.01"]
[Round "5.4"]
[White "Valente, Sofia"]
[Black "Soares, Sara"]
[Result "1-0"]
[WhiteElo "1805"]
[BlackElo "1823"]
[WhiteFideId "1953494"]
[BlackFideId "1948172"]
[BlackTitle "WNM"]
[PlyCount "121"]
[EventDate "2024.??.??"]

1. d4 d5 2. c4 e6 3. Nc3 Nf6 4. cxd5 exd5 5. Bg5 Be7 6. e3 O-O 7. Bd3 h6 8. Bh4
c6 9. Qc2 Re8 10. Nf3 Ne4 11. Bxe7 Qxe7 12. O-O Bf5 13. Rab1 Nxc3 14. bxc3 Bxd3
15. Qxd3 b5 16. Ne5 Qd6 17. Qf5 f6 18. Qg6 Qe6 19. Nd3 Nd7 20. a4 a6 21. a5 Rac8
22. Nf4 Qe7 23. Rbc1 Nf8 24. Qg4 Qe4 25. h3 Ne6 26. Rce1 Nxf4 27. exf4 Qd3 28.
Qd7 Qg6 29. f5 Qf7 30. Qd6 Red8 31. Qc5 Re8 32. Qb6 Qd7 33. g4 Red8 34. Re6 Rc7
35. Rfe1 Rb7 36. Qc5 Rc7 37. Re7 Qc8 38. Rxc7 Qxc7 39. Re7 Qf4 40. Rxg7+ Kxg7
41. Qe7+ Kg8 42. Qxd8+ Kf7 43. Qd7+ Kf8 44. Qxc6 Qc1+ 45. Kg2 Qg5 46. Qd6+ Ke8
47. Qxd5 h5 48. Kg3 h4+ 49. Kg2 Qf4 50. Qe6+ Kd8 51. Qxf6+ Kc8 52. Qxa6+ Kc7 53.
Qe6 Qc1 54. Qe5+ Kd7 55. Qxb5+ Kd8 56. c4 Qd2 57. Qd5+ Kc7 58. a6 Qa2 59. a7
Qxa7 60. Qf7+ Kb6 61. Qxa7+ 1-0

[Event "CN Feminino 2023-24"]
[Site "Famalicão POR"]
[Date "2024.06.01"]
[Round "5.5"]
[White "Areal, Beatriz"]
[Black "Matos, Maria Rita"]
[Result "1-0"]
[WhiteElo "1755"]
[BlackElo "1511"]
[WhiteFideId "1949110"]
[BlackFideId "1969935"]
[PlyCount "115"]
[EventDate "2024.??.??"]

1. e4 e5 2. Nf3 Nc6 3. Bb5 a6 4. Ba4 Nf6 5. O-O Be7 6. Re1 b5 7. Bb3 O-O 8. a4
Bb7 9. Nc3 b4 10. Nd5 d6 11. d3 Nxd5 12. Bxd5 Rb8 13. Bd2 a5 14. Be3 h6 15. Qd2
Nd4 16. Nxd4 exd4 17. Bxd4 Bg5 18. f4 Bf6 19. Bxf6 Qxf6 20. Bxb7 Rxb7 21. b3 Re8
22. Rf1 Qd4+ 23. Qf2 Qc3 24. Rae1 Qf6 25. Qf3 Rb6 26. g3 c5 27. Re2 Qe6 28. Rfe1
Rb7 29. e5 Rbe7 30. Kf2 Kf8 31. exd6 Qxd6 32. Rxe7 Rxe7 33. Rxe7 Qxe7 34. Qa8+
Qe8 35. Qxa5 Qe7 36. Qa8+ Qe8 37. Qxe8+ Kxe8 38. Ke3 Kd7 39. Ke4 Kc6 40. a5 Kb5
41. Kd5 f5 42. a6 Kxa6 43. Kxc5 g5 44. Kxb4 Kb6 45. Kc4 Kc6 46. Kd4 Kd6 47. c4
gxf4 48. gxf4 h5 49. h4 Ke6 50. b4 Kd6 51. b5 Kd7 52. Kd5 Kd8 53. Kc6 Kc8 54. b6
Kb8 55. b7 Ka7 56. Kc7 Ka6 57. b8=Q Ka5 58. Qb5# 1-0

[Event "CN Feminino 2023-24"]
[Site "Famalicão POR"]
[Date "2024.06.01"]
[Round "5.6"]
[White "Correia, Margarida"]
[Black "Ribeiro, Margarida"]
[Result "1-0"]
[WhiteElo "1677"]
[BlackElo "1465"]
[WhiteFideId "1971204"]
[BlackFideId "1960725"]
[PlyCount "56"]
[EventDate "2024.??.??"]

1. e4 e5 2. Nf3 Nc6 3. d4 exd4 4. Nxd4 Bc5 5. Be3 Qf6 6. c3 Nge7 7. Be2 O-O 8.
O-O b6 9. Bf3 Bb7 10. Nxc6 Qxc6 11. Bxc5 bxc5 12. e5 d5 13. exd6 Nd5 14. c4 Rfd8
15. Bxd5 Qxd6 16. Nc3 Qb6 17. Qc2 c6 18. Be4 g6 19. Rad1 Rf8 20. h3 Rac8 21. b3
a5 22. Rfe1 Qa6 23. Na4 Qa7 24. Bf3 Rc7 25. Rd2 h5 26. Red1 Rfc8 27. Qc3 Kh7 28.
Rd8 Qb8 1-0

[Event "CN Feminino 2023-24"]
[Site "Famalicão POR"]
[Date "2024.06.01"]
[Round "5.7"]
[White "Albuquerque, Rita"]
[Black "Barbosa, Sandra"]
[Result "1-0"]
[WhiteElo "1637"]
[BlackElo "1642"]
[WhiteFideId "1975480"]
[BlackFideId "1972545"]
[PlyCount "57"]
[EventDate "2024.??.??"]

1. d4 d5 2. Bf4 e6 3. e3 Nf6 4. c3 Nbd7 5. Nd2 g6 6. h3 Bg7 7. Ngf3 O-O 8. Bd3
c5 9. g4 Qb6 10. Qc1 a6 11. Ne5 Nxe5 12. Bxe5 Ne8 13. Bxg7 Nxg7 14. f4 Qd6 15.
Nf3 b6 16. Qd2 Bb7 17. h4 h5 18. Ne5 Kh7 19. Qg2 f5 20. gxh5 gxh5 21. Qg6+ Kg8
22. Rg1 Qe7 23. Qxh5 Rf6 24. O-O-O Qe8 25. Rxg7+ Kxg7 26. Rg1+ Kf8 27. Qh7 Rf7
28. Rg8+ Ke7 29. Rxe8+ 1-0

[Event "CN Feminino 2023-24"]
[Site "Famalicão POR"]
[Date "2024.06.01"]
[Round "5.8"]
[White "Almeida, Marta Dias"]
[Black "Melo, Luisa Campos"]
[Result "1-0"]
[WhiteElo "1709"]
[BlackElo "1509"]
[WhiteFideId "1956060"]
[BlackFideId "1968394"]
[PlyCount "85"]
[EventDate "2024.??.??"]

1. d4 d5 2. Nf3 Nf6 3. c4 e6 4. Nc3 Be7 5. cxd5 exd5 6. Bg5 Nbd7 7. e3 b6 8. Bd3
Bb7 9. O-O O-O 10. Rc1 Rc8 11. h3 h6 12. Bf4 c5 13. Qe2 Re8 14. Rfd1 Nf8 15. Bh2
Ne6 16. Qd2 Ne4 17. Qc2 N4g5 18. Nxg5 Bxg5 19. dxc5 Rxc5 20. b4 Rc8 21. Qb3 d4
22. Bf5 Qf6 23. Bxe6 Rxe6 24. Nd5 Qd8 25. Rxc8 Qxc8 26. Rxd4 Rg6 27. Bg3 Qe6 28.
Qd3 Bxd5 29. Rxd5 Bxe3 30. Rd8+ Kh7 31. fxe3 Qxa2 32. h4 h5 33. Rd5 Kg8 34. Kh2
Qb2 35. Rxh5 Qxb4 36. Qd8+ Qf8 37. Rh8+ Kxh8 38. Qxf8+ Kh7 39. Qxf7 a5 40. Qf5
a4 41. h5 Kg8 42. hxg6 a3 43. Qc8# 1-0

[Event "CN Feminino 2023-24"]
[Site "Famalicão POR"]
[Date "2024.06.02"]
[Round "6.1"]
[White "Silva, Ana Ines"]
[Black "Ryabukhina, Verokina"]
[Result "0-1"]
[WhiteElo "1914"]
[BlackElo "1829"]
[WhiteFideId "1932543"]
[BlackFideId "24288020"]
[WhiteTitle "WFM"]
[PlyCount "72"]
[EventDate "2024.??.??"]

1. e4 c5 2. c3 e6 3. d4 cxd4 4. cxd4 d5 5. e5 Nc6 6. Nf3 Nge7 7. Na3 Nf5 8. Nc2
Be7 9. Bd3 h6 10. Bd2 Qb6 11. Bc3 Bd7 12. h4 g6 13. g4 Ng7 14. Qd2 a5 15. b3 Nb4
16. Nxb4 axb4 17. Bb2 Bb5 18. h5 Bxd3 19. Qxd3 gxh5 20. gxh5 Ra5 21. Ke2 Kd7 22.
Bc1 Nf5 23. Bd2 Rha8 24. a4 Qa7 25. Rac1 b5 26. axb5 Qb7 27. Rc2 Rxb5 28. Rhc1
Bd8 29. Rc5 Rb6 30. Nh2 Ra3 31. Be3 Qa6 32. Rb1 Ra2+ 33. Bd2 Nxd4+ 34. Ke3 Bg5+
35. Kxd4 Qxd3+ 36. Kxd3 Rxd2# 0-1

[Event "CN Feminino 2023-24"]
[Site "Famalicão POR"]
[Date "2024.06.02"]
[Round "6.2"]
[White "Avelino, Camila"]
[Black "Valente, Sofia"]
[Result "0-1"]
[WhiteElo "1853"]
[BlackElo "1805"]
[WhiteFideId "1938975"]
[BlackFideId "1953494"]
[PlyCount "98"]
[EventDate "2024.??.??"]

1. e4 c5 2. Nf3 Nc6 3. d4 cxd4 4. Nxd4 g6 5. Nc3 Bg7 6. Be3 Nf6 7. Bc4 O-O 8.
Bb3 a5 9. O-O Ng4 10. Nxc6 dxc6 11. Qxd8 Rxd8 12. Bb6 Rf8 13. a4 Be5 14. f4 Bd6
15. e5 Bb8 16. h3 Nh6 17. g4 Ra6 18. Bc5 Re8 19. Bc4 Ra8 20. Ne4 Ba7 21. Bxa7
Rxa7 22. Rad1 b6 23. Rf2 Kg7 24. Rfd2 Nxg4 25. hxg4 Bxg4 26. Re1 Rb8 27. Nc3 Rc7
28. Be2 Bf5 29. Bf3 b5 30. Ra1 bxa4 31. Rxa4 Rxb2 32. Rxa5 Rb4 33. Ra4 Rb2 34.
Be4 Be6 35. Ne2 Rb1+ 36. Kf2 c5 37. Ra3 h5 38. Rc3 Rc8 39. Rg3 h4 40. Rg1 Rb4
41. Ke3 Kf8 42. Bd5 Bf5 43. Rh1 e6 44. Rxh4 exd5 45. Rh8+ Ke7 46. Rxc8 d4+ 47.
Kf2 Bxc8 48. c3 dxc3 49. Rc2 Rb2 0-1

[Event "CN Feminino 2023-24"]
[Site "Famalicão POR"]
[Date "2024.06.02"]
[Round "6.3"]
[White "Silva, Mariana"]
[Black "Monteiro, Sara"]
[Result "1-0"]
[WhiteElo "1971"]
[BlackElo "1819"]
[WhiteFideId "1911899"]
[BlackFideId "1909860"]
[WhiteTitle "WCM"]
[BlackTitle "WCM"]
[PlyCount "115"]
[EventDate "2024.??.??"]

1. d4 Nf6 2. Nf3 d5 3. c4 c5 4. cxd5 cxd4 5. Nxd4 Qxd5 6. Nc3 Qa5 7. Nb3 Qb6 8.
Be3 Qd8 9. Qxd8+ Kxd8 10. O-O-O+ Bd7 11. h3 e6 12. g4 Ke8 13. Rg1 Bb4 14. Bd4
Nc6 15. Bxf6 gxf6 16. Ne4 Ke7 17. Nxf6 Kxf6 18. Rxd7 Rac8 19. Kb1 Rhd8 20. Rxd8
Rxd8 21. Bg2 Nd4 22. Nxd4 Rxd4 23. Bxb7 Rd2 24. Ba6 Bc5 25. Kc1 Rd6 26. Bd3 h6
27. Rg3 Kg5 28. Rf3 Rd7 29. b3 Ba3+ 30. Kc2 a5 31. Re3 Bd6 32. Bc4 Rc7 33. Rd3
Ba3 34. Rd8 Bc5 35. f3 Be3 36. Kd3 Bb6 37. Rb8 Ba7 38. Rb5+ Kf4 39. Rxa5 Rd7+
40. Kc2 Be3 41. Ra4 Rd2+ 42. Kc3 Kg3 43. Bd3 Rd1 44. Re4 Bg5 45. b4 Kxh3 46. b5
Rc1+ 47. Kb3 Rc8 48. Ra4 Bd2 49. Ra7 f6 50. a4 Kg3 51. a5 Rb8 52. Ka4 Kf4 53.
Be4 f5 54. gxf5 exf5 55. Rf7 Ke3 56. Rxf5 Kxe2 57. a6 Be3 58. Rf7 1-0

[Event "CN Feminino 2023-24"]
[Site "Famalicão POR"]
[Date "2024.06.02"]
[Round "6.4"]
[White "Areal, Beatriz"]
[Black "Duque, Raquel"]
[Result "0-1"]
[WhiteElo "1755"]
[BlackElo "1877"]
[WhiteFideId "1949110"]
[BlackFideId "1945890"]
[PlyCount "138"]
[EventDate "2024.??.??"]

1. e4 c6 2. d4 d5 3. exd5 cxd5 4. Bd3 Nf6 5. c3 Bg4 6. Qb3 Qc7 7. Nd2 e6 8. Ngf3
Bd6 9. h3 Bh5 10. O-O O-O 11. Re1 Nc6 12. Bb5 a6 13. Bxc6 bxc6 14. Ne5 c5 15.
Ndf3 cxd4 16. cxd4 Nd7 17. Nxd7 Qxd7 18. Ne5 Qa7 19. Qd3 Rfc8 20. Bd2 Rab8 21.
Bc3 Bg6 22. Qe3 a5 23. a3 Rb3 24. Qd2 a4 25. Rac1 Qb7 26. Re3 Qb8 27. g3 Be4 28.
Nd3 Qb7 29. Nb4 Qe7 30. Qe1 Qg5 31. Bd2 Rxc1 32. Qxc1 Rxe3 33. Qc8+ Bf8 34. Bxe3
Qf5 35. Nc6 Qf6 36. Qd8 Qxd8 37. Nxd8 Bd6 38. Nc6 Bd3 39. Nb4 Bc4 40. Bd2 f6 41.
Kg2 e5 42. Bc3 Kf7 43. Kf3 h5 44. h4 Ke6 45. Ke3 Kf5 46. Nc2 g5 47. hxg5 fxg5
48. Kf3 e4+ 49. Kg2 Be2 50. Ne3+ Ke6 51. Kh3 Bf3 52. Bd2 Be7 53. g4 h4 54. Nf5
Bd8 55. Ne3 Be2 56. Bc3 Bc7 57. Bb4 Kd7 58. Bc3 Kc6 59. Bb4 Bb6 60. Nf5 Bf1+ 61.
Kh2 Bc7+ 62. Kg1 Be2 63. Ne3 h3 64. Be7 Bf3 65. Nf1 Bf4 66. Bb4 Bxg4 67. Ng3 Kb5
68. Bc3 e3 69. fxe3 Bxg3 0-1

[Event "CN Feminino 2023-24"]
[Site "Famalicão POR"]
[Date "2024.06.02"]
[Round "6.5"]
[White "Soares, Sara"]
[Black "Correia, Margarida"]
[Result "1/2-1/2"]
[WhiteElo "1823"]
[BlackElo "1677"]
[WhiteFideId "1948172"]
[BlackFideId "1971204"]
[WhiteTitle "WNM"]
[PlyCount "146"]
[EventDate "2024.??.??"]

1. d4 Nf6 2. c4 c6 3. Nc3 d5 4. Nf3 e6 5. Bg5 Be7 6. e3 O-O 7. Bd3 Nbd7 8. O-O
Re8 9. Qc2 h6 10. Bh4 b6 11. Rac1 dxc4 12. Bxc4 Bb7 13. Rfd1 Nd5 14. Bxe7 Qxe7
15. e4 Nxc3 16. bxc3 Red8 17. Bb3 Rac8 18. Qe2 c5 19. Bc4 cxd4 20. cxd4 Nf6 21.
Bd3 Rc7 22. Rxc7 Qxc7 23. Bb1 Qc8 24. Ne1 Ba6 25. Qb2 Qd7 26. f3 Qb5 27. Qxb5
Bxb5 28. Kf2 Bc4 29. Nc2 Rc8 30. Ne3 Ba6 31. Ke1 Kf8 32. Kd2 Rd8 33. Kc3 Rc8+
34. Kb2 Ke7 35. Bc2 Nh5 36. Bd3 Bxd3 37. Rxd3 Nf4 38. Rd2 Ng6 39. Rd3 Nf4 40.
Rd2 Ng6 41. Nd1 Rd8 42. Nc3 a6 43. Na4 Ke8 44. Kc3 Rc8+ 45. Kd3 Rc6 46. g3 b5
47. Nc3 Ne7 48. Rb2 Rb6 49. Na4 Rc6 50. Nc3 Rb6 51. f4 Nc6 52. Rb1 Na5 53. Na4
Rc6 54. Nc5 f6 55. Nb3 Nxb3 56. Rxb3 Rc4 57. Ra3 Rc6 58. Rc3 Kd7 59. Ra3 Kd6 60.
Rb3 Rc4 61. Ra3 Rc6 62. Ra5 g6 63. Ra3 f5 64. h3 h5 65. Rb3 Rc4 66. Ra3 Rc6 67.
Ra5 Rb6 68. Ra3 Rc6 69. Ke3 Rb6 70. Rc3 Rc6 71. Rb3 Rc4 72. Ra3 Rc6 73. Rb3 Rc4
1/2-1/2

[Event "CN Feminino 2023-24"]
[Site "Famalicão POR"]
[Date "2024.06.02"]
[Round "6.6"]
[White "Almeida, Marta Dias"]
[Black "Albuquerque, Rita"]
[Result "1-0"]
[WhiteElo "1709"]
[BlackElo "1637"]
[WhiteFideId "1956060"]
[BlackFideId "1975480"]
[PlyCount "103"]
[EventDate "2024.??.??"]

1. d4 c5 2. d5 Nf6 3. Nf3 e6 4. c4 exd5 5. cxd5 d6 6. Nc3 g6 7. e4 Bg7 8. h3 O-O
9. Bd3 a6 10. a4 Re8 11. O-O Nbd7 12. Bf4 Ne5 13. Nxe5 dxe5 14. Be3 b6 15. a5
Nd7 16. Na4 b5 17. Nxc5 Nxc5 18. Bxc5 f5 19. b4 f4 20. Bc2 Bd7 21. Bb3 Bf8 22.
d6+ Kg7 23. Bd5 Qf6 24. Bxa8 Rxa8 25. Qd5 Rd8 26. Bb6 Rc8 27. Rac1 Rxc1 28. Rxc1
Bxd6 29. Rd1 Bxh3 30. Qd3 Bxg2 31. Kxg2 Qg5+ 32. Kf1 Bxb4 33. Qh3 Be7 34. Rd7 f3
35. Qxf3 Qc1+ 36. Kg2 Qg5+ 37. Qg3 Qxg3+ 38. Kxg3 Kf6 39. Bd8 Bxd8 40. Rxd8 Kg5
41. Rd6 h5 42. Rxa6 h4+ 43. Kh3 Kf4 44. Rb6 Kxe4 45. Rxb5 g5 46. a6 Kf3 47. Rxe5
g4+ 48. Kxh4 Kxf2 49. Kxg4 Kf1 50. a7 Kf2 51. a8=Q Kg1 52. Re2 1-0

[Event "CN Feminino 2023-24"]
[Site "Famalicão POR"]
[Date "2024.06.02"]
[Round "6.7"]
[White "Barbosa, Sandra"]
[Black "Ribeiro, Margarida"]
[Result "0-1"]
[WhiteElo "1642"]
[BlackElo "1465"]
[WhiteFideId "1972545"]
[BlackFideId "1960725"]
[PlyCount "94"]
[EventDate "2024.??.??"]

1. e4 e5 2. Nf3 Nc6 3. Bb5 d6 4. h3 Nf6 5. O-O Nxe4 6. d4 a6 7. Bxc6+ bxc6 8.
dxe5 d5 9. Re1 Be7 10. a3 O-O 11. Nbd2 Bf5 12. Nd4 Qd7 13. N2f3 Bc5 14. Be3 Bb6
15. Nh4 Bg6 16. c3 Rfe8 17. Nxg6 fxg6 18. f4 Rad8 19. Qa4 c5 20. Qxd7 Rxd7 21.
Nf3 Rf8 22. Kh2 d4 23. Rad1 d3 24. c4 Ba5 25. Rf1 d2 26. g3 Rd3 27. Bxd2 Nxd2
28. Nxd2 Rxd2+ 29. Rxd2 Bxd2 30. b3 Rd8 31. Rf3 Kf7 32. Kg2 Bc1 33. a4 Rd2+ 34.
Kf1 Rh2 35. h4 h5 36. Ke1 Ke6 37. Rf2 Rxf2 38. Kxf2 Bb2 39. Kf3 Kf5 40. e6 Kxe6
41. g4 hxg4+ 42. Kxg4 Bf6 43. h5 gxh5+ 44. Kxh5 Kf5 45. a5 Kxf4 46. Kg6 Bc3 47.
Kf7 g5 0-1